Optičeskije rezonanty i problema raschodimosti lazernogo izlučenija /

Salvato in:
Dettagli Bibliografici
Autore principale: Ananjev, Jurij Aleksejevič (Autore)
Natura: Libro
Lingua:russo
Pubblicazione: Moskva : Nauka, 1979
Soggetti:
Tags: Aggiungi Tag
Nessun Tag, puoi essere il primo ad aggiungerne!!

MARC

LEADER 00000nam a22000003a 4500
001 stu34300
005 20150617225730.4
008 920313s1979----xxr-----------------rus-d
040 |a STU  |b slo 
041 0 |a rus 
044 |a xxr 
080 |a 535.43  |7 stu_us_auth*stu3133 
080 |a 621.375.826  |7 stu_us_auth*stu9916 
100 1 |a Ananjev, Jurij Aleksejevič  |4 aut 
245 1 |a Optičeskije rezonanty i problema raschodimosti lazernogo izlučenija /  |c [aut.]Jurij A. Ananjev 
260 |a Moskva :  |b Nauka,  |c 1979 
300 |a 328 s 
650 7 |a Rezonátory optické  |2 stusub 
650 7 |a Lúče laserové  |2 stusub 
996 |b 284M055213  |c M*7741-1  |l MMKN  |s A  |a 24  |w stu34300_0001